Statistics for German 101

Click here to take the quiz!

General Stats

  • This quiz has been taken 15 times
  • The average score is 12 of 15

Answer Stats

German English % Correct
Buchbook
100%
hierhere
100%
heutetoday
93%
sagento say
93%
schlafento sleep
93%
Schokoladechocolate
93%
Geldmoney
93%
dathere
86%
Hilfehelp
86%
Zeitungnewspaper
79%
Fernsehertelevision
79%
Saftjuice
64%
Flaschebottle
57%
Kleiddress
57%
Bargeldcash
36%

Score Distribution

Percentile by Number Answered

Percent of People with Each Score

Your Score History

You have not taken this quiz